| 000 | 01158nam a2200277Ia 4500 | ||
|---|---|---|---|
| 003 | OSt | ||
| 005 | 20200819162354.0 | ||
| 008 | 191128s1992 ck grl f000 0 spa d | ||
| 020 | _a9586480291 | ||
| 040 |
_aCO-JMCR _cCO-JMCR |
||
| 041 | 0 | _aspa | |
| 082 | 0 | 4 |
_a346.026 / _bC718c1 _223 |
| 110 | 1 |
_aColombia. _98040 |
|
| 240 | 1 | 0 | _aCódigo civil |
| 245 | 1 | 0 |
_aCódigo civil colombiano / _cRogelio Enrique Peña Pena |
| 250 | _aPrimera edición | ||
| 260 |
_aBogotá : _bEcoe, _c1992 |
||
| 300 |
_a2 volúmenes ; _c21 cm. |
||
| 490 | 0 | _aLas Leyes de Colombia | |
| 505 | 2 |
_gv.2 _tLegislación complementaria _aLey 57 de 1887 ( 15de abril) sobre adopción de códigos y unificación de la legislación nacional -- Ley 153 de 1887 (24 de agosto) que adiciona y reforma los códigos nacionales, la ley 61 de 1886 y la 57 de 1887 -- Ley 100 de 1888 adicional al código civil |
|
| 650 | 1 | 4 |
_aDerecho civil _xreformas civiles _vlegislación _2 _98923 |
| 650 | 1 | 4 |
_aProcedimiento civil _xlegislación _zColombia _98924 |
| 650 | 1 | 4 |
_aLegislación sobre el matrimonio _zColombia _98884 |
| 700 | 1 |
_aPeña Pena, Rogelio Enrique, _eautor _98925 |
|
| 942 |
_2ddc _cBK |
||
| 999 |
_c5772 _d5772 |
||